Statistics for European Union Members (EU)

Click here to take the quiz!

General Stats

  • This quiz has been taken 402 times
  • The average score is 26 of 28

Answer Stats

CountryYear Joined% Correct
France1958
98%
Germany1958
97%
Spain1986
97%
Belgium1958
96%
Portugal1986
95%
United Kingdom1973
95%
Finland1995
94%
Greece1981
94%
Italy1958
94%
Netherlands1958
94%
Romania2007
94%
Slovenia2004
94%
Sweden1995
94%
Austria1995
93%
Bulgaria2007
93%
Croatia2013
93%
Slovakia2004
93%
Denmark1973
92%
Estonia2004
92%
Latvia2004
92%
Lithuania2004
92%
Luxembourg1958
92%
Poland2004
92%
Hungary2004
91%
Czech Republic2004
90%
Ireland1973
90%
Malta2004
83%
Cyprus2004
82%

Score Distribution

Percentile by Number Answered

Percent of People with Each Score

Your Score History

You have not taken this quiz